Handbook for Sound Engineers /
Gespeichert in:
| Weitere Verfasser: | |
|---|---|
| Format: | Buch |
| Sprache: | Englisch |
| Veröffentlicht: |
New York :
Routledge,
2015
|
| Ausgabe: | 5. vydanie |
| Tags: |
Keine Tags, Fügen Sie das erste Tag hinzu!
|
MARC
| LEADER | 00000nam a22000003a 4500 | ||
|---|---|---|---|
| 001 | 0098503 | ||
| 003 | SK-STU | ||
| 005 | 20221124111449.0 | ||
| 007 | ta | ||
| 008 | 221124s ----xo-----e------000-0-----d | ||
| 020 | |a 978-0-415-84293-8 | ||
| 040 | |a STU |b slo | ||
| 041 | 0 | |a eng | |
| 044 | |a xxu | ||
| 100 | 1 | |a Ballou Glen |4 edt |r Z6 | |
| 245 | 1 | 0 | |a Handbook for Sound Engineers / |c aut. Ballou Glen |
| 250 | |a 5. vydanie | ||
| 260 | |a New York : |b Routledge, |c 2015 | ||
| 300 | |a 1748 s. | ||
| 996 | |b 284EK90327 |c E* 90327 |l EE33 |s P |a 0 |w 0098503_0001 | ||